00500nam a2200157 i 450000100060000000300090000600500170001500700030003200800410003510000230007624501160009926000310021530000220024670000420026885200320031030641ES-MaACL20250323000929.0t|030127s1960 sp ||||1| spa d1 aBataillon, Marcel.10aNovedad y fecundidad del "Lazarrillo de Tormes" / cMarcel Bataillon ; traducción de Luis Cortés Vázquez. a[Madrid : bAnaya, c1968] a106 p. ; c19 cm.0 aCortés Vázquez, Luis, d1924-1990 aES-MaACLjC-34773 bR.66670